000 00780nam a2200193Ia 4500
003 OSt
005 20250505154420.0
008 191128s1981 ck er 000 f und d
040 _aCO-JMCR
_cCO-JMCR
041 _aspa
082 0 4 _aA-N
_bWESb
100 1 _aWest, Morris,
_d1916-1999
_98310
245 1 0 _aLos bufones de Dios /
_cMorris West
260 _aBogotá :
_bCírculo de lectores,
_c1981
300 _a474 páginas ;
_c 20 cm.
520 _aNarra la historia de Gregorio XVII, un papa “bueno” que, de repente, recibe una revelación particular sobre el inminente fin del mundo. Sus “hermanos en Cristo”, el colegio cardenalicio, le obligan a abdicar, cosa que él hace con resignación cristiana. “S
650 1 4 _aNovela estadounidense
_98316
942 _2ddc
_cBK
999 _c3565
_d3565